Gaming Quiz

Random Gaming or Nintendo Quiz
Score 0/16 Timer 03:00
3 Plays Today
Headless character % Correct
Super Mario
99.8%
Link
91.1%
Lara Croft
86.4%
Crash Bandicoot
84.8%
Mega Man X
82.4%
Samus Aran
72.9%
Master Chief
69.3%
Ryu
68.8%
Headless character % Correct
Solid Snake
59.9%
Duke Nukem
58.3%
Kratos
56.7%
Cloud Strife
54.5%
Gordon Freeman
42.3%
Altaïr Ibn-La'Ahad
34.2%
Geralt of Rivia
29%
Guybrush Threepwood
17.8%
Come Together.
Have Fun.
All Virtual.
We all need to come together. Play Sporcle's virtual live trivia to have fun, connect with people, and get your trivia on. Join a live hosted trivia game for your favorite pub trivia experience done virtually. If a virtual private party is more your thing, go here for details.

You're not logged in!

Compare scores with friends on all Sporcle quizzes.
OR
Log In

Sporcle TV

Today on Sporcle TV


Watch our educational content, quiz creation guides, and fun videos on Sporcle TV.

Show Comments

Extras

Top Quizzes Today


Score Distribution

Paid Content

Your Account Isn't Verified!

In order to create a playlist on Sporcle, you need to verify the email address you used during registration. Go to your Sporcle Settings to finish the process.

Report this User

Report this user for behavior that violates our Community Guidelines.

Details: